000 00498nam a2200169 i 4500
001 100991
003 ES-MaACL
005 20230906182812.0
007 t|
008 051010s1959 sp ||||1| spa d
100 1 _aMaugham, W. Somerset.
_979192
245 1 3 _aEl filo de la navaja /
_cW. Somerset Maugham; [versión de Fernando Calleja].
260 _aBarcelona :
_bCisne,
_c1959.
300 _a287 p. ;
_c18 cm.
700 1 _aCalleja, Fernando.
_933715
852 _aES-MaACL
_jC-16360
_bR.43984
999 _c100991
_d100991